| 000 | 00354cam a22001457a 4500 | ||
|---|---|---|---|
| 008 | 180718b xxu||||| |||| 00| 0 eng d | ||
| 082 | _aAB45 G271 | ||
| 100 | _aGreeta Press | ||
| 245 |
_aSankshipt Garud puran _cGeeta press |
||
| 260 |
_aGorakhpur _bGeeta Press _c |
||
| 300 | _a624p. | ||
| 650 | _a | ||
| 650 | _aHinduism | ||
| 650 | _aPuranas - Garudapuran | ||
| 999 |
_c445609 _d445609 |
||